000 00528nam a2200217Ia 4500
005 20241216010254.0
008 180423s9999||||xx |||||||||||||| ||und||
082 _a330
_bS21
100 _aSANTOS REDONDOS, MANUEL
245 0 _aLOS ECONOMISTAS Y LA EMPRESA
250 _a0
260 _c1995
300 _a0 pag.
_c0 cm
341 _h0
490 _v0
_a0
505 _aPRECURSORES/CLASICOS/MARGINALISTAS/NEOCLASICOS/
541 _d24-May-04
650 _aCIENCIAS SOCIALES
856 _zHumanidades
942 _cLIBRO
999 _c10045
_d10045